| Tag |
First Indicator |
Second Indicator |
Subfields |
| LEADER |
00000cam a22000001a 4500 |
| 001 |
in00003380021 |
| 006 |
m d f |
| 007 |
cr bn mmmapmmp |
| 008 |
100720s2000 dcu o f000 0 eng d |
| 005 |
20260430175233.5 |
| 035 |
|
|
|a cis2007894716
|
| 040 |
|
|
|a ProQuest
|c ProQuest
|d UtOrBLW
|
| 043 |
|
|
|a n-us---
|
| 099 |
|
|
|a CRS-2000-AML-0111
|
| 110 |
2 |
|
|a Library of Congress.
|b Congressional Research Service.
|
| 245 |
1 |
0 |
|a Civil Forfeiture Revision :
|b Comparison of Major Bills of the 106th Congress.
|
| 264 |
|
1 |
|a [Place of publication not identified] :
|b [publisher not identified],
|c 2000.
|
| 300 |
|
|
|a 1 online resource.
|
| 336 |
|
|
|a text
|b txt
|2 rdacontent
|
| 337 |
|
|
|a computer
|b c
|2 rdamedia
|
| 338 |
|
|
|a online resource
|b cr
|2 rdacarrier
|
| 500 |
|
|
|a Record is based on bibliographic data in ProQuest U.S. Congressional Research Digital Collection (last viewed July 2010). Reuse except for individual research requires license from ProQuest, LLC.
|
| 500 |
|
|
|a CRS Report.
|
| 520 |
|
|
|a Presents a side-by-side comparison of present law and three bills offered in the 106th Congress to revise existing Federal civil forfeiture laws.
|
| 500 |
|
|
|a Electronic resource.
|
| 650 |
|
0 |
|a Due process of law.
|
| 650 |
|
0 |
|a Right of property.
|
| 650 |
|
0 |
|a Searches and seizures.
|
| 655 |
|
7 |
|a Electronic books.
|2 local
|
| 710 |
2 |
|
|a ProQuest (Firm)
|
| 776 |
0 |
8 |
|i Microfiche version:
|a Library of Congress. Congressional Research Service.
|t Civil Forfeiture Revision
|
| 830 |
|
0 |
|a U.S. Congressional Research.
|
| 856 |
4 |
0 |
|u http://proxy.library.tamu.edu/login?url=https://congressional.proquest.com/congcomp/getdoc?CRDC-ID=CRS-2000-AML-0111
|z Connect to the full text of this electronic book
|t 0
|
| 999 |
|
|
|a MARS
|
| 999 |
f |
f |
|s 4d9d97b0-773b-36c3-82f3-dc8936c1bfaa
|i 7d0c8a49-cf56-3513-91eb-d91241894421
|t 0
|
| 952 |
f |
f |
|a Texas A&M University
|b College Station
|c Electronic Resources
|s www_evans
|d Available Online
|t 0
|e CRS-2000-AML-0111
|h Other scheme
|
| 998 |
f |
f |
|a CRS-2000-AML-0111
|t 0
|l Available Online
|